Tilastot visalle Valtioita JetPunk-kalan sisällä maailmankartalla

Klikkaa tästä pelataksesi tätä visaa!

Yleistilastot

  • Tätä visaa on pelattu 674 kertaa
  • Keskiarvotulos 30 / 34

Vastaukset kartalla

Vastauksille on annettu kartalla punavihreä väri sen mukaan, kuinka moni on saanut sen oikein.
 

Vastaustilastot

Valtio% Oikein
Intia
99%
Saudi-Arabia
98%
Irak
97%
Iran
97%
Egypti
96%
Jemen
96%
Oman
96%
Somalia
96%
Pakistan
94%
Etiopia
93%
Kiina
93%
Sudan
93%
Sri Lanka
91%
Libya
90%
Yhdistyneet arabiemiirikunnat
90%
Afganistan
89%
Eritrea
89%
Nepal
89%
Qatar
89%
Thaimaa
89%
Vietnam
89%
Etelä-Sudan
88%
Laos
88%
Bangladesh
87%
Myanmar
87%
Syyria
87%
Jordania
86%
Bhutan
85%
Kuwait
84%
Turkmenistan
84%
Tšad
83%
Djibouti
81%
Bahrain
78%
Malediivit
78%

Tulosjakauma

Persentiili vastausten määrän mukaan

Jokaisen tuloksen saaneiden osuus

Tuloshistoriasi

Et ole pelannut tätä visaa